00743nam a2200193 i 450000100060000000300090000600500170001500700030003200800410003508000080007610000350008424500930011926001390021230000200035150000220037165000330039371000840042685200390051032822ES-MaACL20250815111833.0t|030131s1968 sp ||||1| spa d a5431 aBermejo Martínez, Francisco.14aLos cálculos numéricos en la química analítica / cFrancisco Bermejo Martínez. aSantiago de Compostela : bDepartamento de Química Analítica, Facultad de Ciencias, Universidad de Santiago de Compostela, c1968. a3 v. ; c22 cm. aFascículos 1-3.07aQuímica analítica2embne2 aUniversidad de Santiago de Compostela. bDepartamento de Química Analítica. aES-MaACLj2275-F-5-7 xOlim P-1283